000 00864cam a22002893a 4500
001 2554
003 PGUSA
005 20140828083016.0
008 060328s2006||||xxu|||||s|||||000 1 eng d
040 _aPGUSA
_beng
042 _adc
050 4 _aPG
100 1 _aDostoyevsky, Fyodor,
_d1821-1881
245 1 0 _aCrime and Punishment
_h[electronic resource] /
_cFyodor Dostoyevsky
260 _bProject Gutenberg,
_c2006
506 _aPublic domain in the USA.
516 _aElectronic text
653 _aSaint Petersburg (Russia) -- Fiction
653 _aRussia -- Fiction
653 _aPsychological fiction
653 _aDetective and mystery stories
700 1 _aGarnett, Constance,
_d1861-1946
740 0 _aPrestuplenie i nakazanie. English
830 0 _aProject Gutenberg
_v2554
856 4 0 _uhttp://www.gutenberg.org/ebooks/2554
942 _cEB
999 _c231891
_d231891